<?xml version="1.0" encoding="UTF-8"?>
<collection xmlns="http://www.loc.gov/MARC21/slim">
  <record>
    <leader>00000nam  2200000   4500</leader>
    <controlfield tag="001">INLIS000000000000482</controlfield>
    <controlfield tag="005">20180724135124</controlfield>
    <controlfield tag="008">180724|||||||||   |   |||   |||| ||   | </controlfield>
    <datafield tag="035" ind1=" " ind2=" ">
      <subfield code="0">010-0718000482</subfield>
    </datafield>
    <datafield tag="041" ind1=" " ind2=" ">
      <subfield code="a">id</subfield>
    </datafield>
    <datafield tag="082" ind1=" " ind2=" ">
      <subfield code="a">036</subfield>
    </datafield>
    <datafield tag="090" ind1=" " ind2=" ">
      <subfield code="a">R 036 PIM I 2013</subfield>
    </datafield>
    <datafield tag="100" ind1=" " ind2=" ">
      <subfield code="a">Panjaitan, raffles Brotestes</subfield>
    </datafield>
    <datafield tag="245" ind1=" " ind2=" ">
      <subfield code="a">Peningkatan Kapasitas Organisasi DAOPS Manggala AGNI Menjadi Unit Pengendalian Kebakaran Hutan Setingkat Eselon IV Pada 33 Unit DAOPS Manggala AGNI Di 10 Provinsi Yang Rawan Kebakaran Hutan</subfield>
    </datafield>
    <datafield tag="250" ind1=" " ind2=" ">
      <subfield code="a">ed.1</subfield>
    </datafield>
    <datafield tag="260" ind1=" " ind2=" ">
      <subfield code="a">Jakarta</subfield>
      <subfield code="b">Lembaga Administrasi Negara</subfield>
      <subfield code="c">2013</subfield>
    </datafield>
    <datafield tag="300" ind1=" " ind2=" ">
      <subfield code="a">21 hlm.; 30 cm.</subfield>
    </datafield>
    <datafield tag="500" ind1=" " ind2=" ">
      <subfield code="a">Tujuan proyek perubahan adalah untuk mencapai peningkatan kapasitas organisasi DAOPS Manggala Agni menjadi Unit Pengendalian Kebakaran Hutan Setingkat Eselon IV pada 33 (tiga puluh tiga) DAOPS di sepuluh provinsi rawan kebakaran hutan dengan harapan pelaksanaan pengendalian kebakaran hutan akan lebih baik, efektif, dan efisien.</subfield>
    </datafield>
    <datafield tag="650" ind1=" " ind2=" ">
      <subfield code="a">Kapasitas Organisasi -- Proyek Perubahan PIM1</subfield>
    </datafield>
  </record>
</collection>
